Využitie mobilných aplikácií pri nízkonákladovom cestovaní bakalárska práca

Gespeichert in:
Bibliographische Detailangaben
1. Verfasser: Cséplő, Július
Körperschaft: Obchodná fakulta EU. Katedra cestovného ruchu
Weitere Verfasser: Pospíšilová, Vanesa, 1998-
Format: Buch
Sprache:Slowakisch
Veröffentlicht: Bratislava 2025
Tags: Tag hinzufügen
Keine Tags, Fügen Sie das erste Tag hinzu!

MARC

LEADER 00000nbm a2200000 4500
001 0311167
005 20251112124616.8
041 0 |a slo 
044 |a SK 
245 1 0 |a Využitie mobilných aplikácií pri nízkonákladovom cestovaní  |b bakalárska práca  |c Július Cséplő ; školiteľ: Vanesa Pospíšilová 
264 1 |a Bratislava  |c 2025 
300 |a 59 s. 
100 1 |a Cséplő, Július 
700 1 |a Pospíšilová, Vanesa, 1998- 
710 2 |a Obchodná fakulta EU. Katedra cestovného ruchu